[Event "EU-ch 4th"]
[Site "Istanbul"]
[Date "2003.05.31"]
[Round "2"]
[White "Jenni, Florian"]
[Black "Pavasovic, Dusko"]
[Result "1/2-1/2"]
[WhiteElo "2516"]
[BlackElo "2584"]
[Annotator "Tsesarsky,I"]
[PlyCount "118"]
[EventDate "2003.05.30"]
[EventType "swiss"]
[EventRounds "13"]
[EventCountry "TUR"]
[SourceTitle "CBM 096"]
[Source "ChessBase"]
[SourceDate "2003.09.25"]
[SourceVersion "1"]
[SourceVersionDate "2003.09.25"]
[SourceQuality "1"]

1. e4 {Tsesarsky,I} e5 2. Nf3 Nf6 3. Nc3 Nc6 4. Bb5 Bd6 5. d3 h6 6. Ne2 {
Actually, this move isn't novelty, but previous game played this move was
drawn shortly - see below.} (6. h3 a6 (6... O-O 7. g4 a6 (7... Re8 {-see
detailed commented game 1-0 Yemelin,V-Kharlov,A/Moscow 2002/CBM 88[Tsesarsky,I]
(39)}) 8. Bxc6 dxc6 9. g5 $5 (9. Ne2 {-see detailed commented game 0-1
Podlesnik,B-Pavasovic,D/Ljubljana 2002/CBM 88 [Tsesarsky,I] (32)}) 9... hxg5
10. Bxg5 Qe7 11. Qd2 Qe6 12. O-O-O Bb4 13. Rdg1 $14 {1-0 Podlesnik,B-Sebih,K/
Bled 2002/EXT 2003 (44)}) 7. Bxc6 dxc6 8. Ne2 c5 9. b3 Be6 10. Bb2 Nd7 11. g4
h5 12. g5 h4 13. Qd2 Qe7 14. Nc3 Nf8 15. Nd5 Bxd5 16. exd5 Ng6 $15 {0-1
Podlesnik,B-Pavasovic,D/Dobrna 2002/CBM 89 ext (32)}) (6. O-O O-O 7. Ne2 (7. h3
a6 8. Ba4 Re8 9. a3 Bf8 10. Bb3 b5 11. Be3 Bb7 12. Qd2 d6 13. Rfe1 Nb8 14. a4
c6 15. Nh2 d5 16. exd5 cxd5 17. d4 b4 18. Na2 Nc6 $15 {0-1 Podlesnik,B-Borisek,
J/Bled 2002/EXT 2003 (36)}) 7... Re8 8. Ng3 Bf8 9. Re1 d5 10. exd5 Qxd5 11.
Bxc6 bxc6 12. Ne4 $132 {[%csl Rc6,Rc7,Gc8,Gf8] 0-1 Kosintseva,N-Pisakov,I/
Samara 2002/CBM 89 ext (107)}) 6... a6 7. Bxc6 {White decided to play without
2BB, but create doubled PP in the black camp - like in exchange Rui Lopez
variation.} (7. Ba4 O-O 8. Ng3 Re8 9. c3 Bf8 {1/2-1/2 Nikolenko,O-Gorbatow,A/
Moscow 1995/CBM 50 ext (9)}) 7... dxc6 8. b3 Bg4 9. Ng3 Bb4+ 10. Kf1 Bc3 11.
Rb1 Nh5 12. h3 Nxg3+ 13. fxg3 Bxf3 14. gxf3 Qd6 15. Kg2 O-O {Black equalized
easily, but the game is continued.} 16. Bd2 Bd4 17. Rf1 f5 18. exf5 Rxf5 19.
Qe2 Qa3 (19... Raf8 $11) 20. c3 Bb6 21. Bc1 Qd6 22. Qe4 Rf7 23. Bb2 Rd8 24.
Rbd1 Rfd7 25. c4 Bd4 (25... Re7 26. Rfe1 Rde8 $11) 26. Bxd4 Qxd4 $6 $14 {
Inaccuracy with far-reaching consequences.} (26... exd4 27. Rde1 Rf7 $5 $132 (
27... b5 28. Qe6+ $14)) 27. Qxd4 Rxd4 28. Rde1 Rxd3 29. Rxe5 $14 {In this
position White has slight advantage because of P advantage on the kingside.
Black had to play precisely in order to create sufficient counterplay on the
opposite flank.} Kf7 30. Rf2 Re8 ({Premature is} 30... b5 $6 31. Rfe2 R8d7 32.
Rf5+ Kg6 33. Rc5 $16) 31. Rxe8 Kxe8 32. g4 b5 33. Rc2 Kd7 34. Kg3 g5 $2 $16 {
Helps to White to organize strong pass PP.} (34... Kd6 35. h4 c5 $14) 35. h4
gxh4+ $2 $18 {Maybe decisive mistake.} (35... Kd6 $142 36. hxg5 hxg5 37. Rh2
bxc4 38. bxc4 Ra3 39. Rh5 Ra5 40. a3 Rc5 (40... Re5 41. Kf2) 41. Kf2 a5 42. Ke3
Rxc4 43. Rxg5 Ra4 44. f4 $16) 36. Kf4 bxc4 37. bxc4 Kd6 38. Rh2 Ra3 39. Rxh4
Rxa2 40. Rxh6+ {[%csl Gf3,Gg4] White has winning position. His adjacent pass
PP are very strong.} Kc5 41. g5 Rg2 42. g6 Kb4 43. Kf5 a5 44. Rh7 ({Wins} 44.
Ke6 a4 45. f4 a3 46. f5 a2 47. Rh1 Kxc4 48. Kf7 $18) 44... a4 45. Rxc7 $4 $44 {
Decisive tempo loss.} ({Instead of to capture poor Pc7(This P probably causes
to Black loss - see variations below) much stronger ws to follow winning plan:
to promote pass PP as soon as possible:} 45. g7 a3 46. Kf6 a2 47. Rh1 Kxc4 48.
f4 Kb3 49. f5 Kb2 50. Kf7 c5 51. f6 a1=Q 52. Rxa1 Kxa1 53. g8=Q Rxg8 54. Kxg8
c4 55. f7 c3 56. f8=Q c2 $18 {[%csl Rc7]}) 45... c5 46. Ra7 (46. f4 Kxc4 47.
Kf6 a3 48. f5 a2 49. Ra7 Kb3 50. Kg7 Rg4 51. Rxa2 Kxa2 52. f6 c4 53. f7 Rxg6+
54. Kxg6 c3 55. f8=Q c2 $44 {With Pc7 this position is winning for White!})
46... a3 47. g7 Kxc4 48. Kf6 Kb3 49. Rb7+ Kc3 50. Rb5 (50. f4 c4 51. f5 a2 52.
Ra7 Kb2 53. Rb7+ $11) 50... Kc4 51. Ra5 Kb4 52. Ra8 c4 53. g8=Q Rxg8 54. Rxg8
c3 55. f4 c2 56. Rg1 Kc3 57. f5 Kb2 58. Ke7 c1=Q 59. Rxc1 Kxc1 {Both sides
demonstrated very bad endgame understanding in this game.} 1/2-1/2

[Event "Reggio Emilia 9798 40th"]
[Site "Reggio Emilia"]
[Date "1997.12.26"]
[Round "1"]
[White "Yudasin, Leonid"]
[Black "Bellini, Fabio"]
[Result "1-0"]
[WhiteElo "2610"]
[BlackElo "2415"]
[Annotator "Tsesarsky,I"]
[PlyCount "61"]
[EventDate "1997.12.26"]
[EventType "tourn"]
[EventRounds "11"]
[EventCountry "ITA"]
[EventCategory "10"]
[SourceTitle "CBM 063"]
[Source "ChessBase"]
[SourceDate "1998.03.26"]
[SourceVersion "1"]
[SourceVersionDate "1998.03.26"]
[SourceQuality "1"]

1. e4 e5 2. Nf3 Nc6 3. Bb5 Nf6 4. Nc3 Nd4 5. Ba4 c6 (5... Bc5 6. Nxe5 O-O 7.
Nd3 Bb6 8. e5 Ne8 9. Nd5 d6 10. Ne3 c6 (10... dxe5 11. Nxe5 Qg5 12. N5c4 f5 13.
f4 $1 Qxf4 14. c3 {Nunn,J-Nikolic,P, Wijk op 1993. CBM 34 game 899.} Ne6 $132)
11. c3 Ne6 12. Bc2 $1 dxe5 13. Nxe5 Bxe3 14. dxe3 Qg5 15. Nf3 Qxg2 16. Rg1 Qh3
17. Rg3 Qh5 18. e4 Nf6 19. Qe2 Re8 20. Be3 Nf8 21. O-O-O {Rodriguez,Am-Armas,J/
CUB/1992/} Nxe4 22. Bd4 (22. Bxe4 Rxe4 23. Bd4 Qh6+ 24. Qd2 Qxd2+ 25. Nxd2 Rg4
26. Rxg4 Bxg4 27. Rg1 c5 28. Bxg7 (28. Bxc5 Be6 $132) 28... Kxg7 29. Rxg4+ Ng6
$11) 22... g6 23. Bxe4 Bf5 24. Rg5 Rxe4 25. Be3 Qh3 26. Rg3 Qh5 27. Rg5 $11) 6.
d3 (6. Nxe5 d6 7. Nf3 Bg4 8. d3 Nd7 (8... d5 9. O-O dxe4 10. dxe4 Bxf3 11. gxf3
b5 12. Bb3 Bc5 13. e5 (13. Be3 $16) 13... Nd7 {Nunn,J-Cristiansen,L/Vejle/1994/
} 14. f4 Qh4 15. Be3 $16) 9. Be3 Nxf3+ 10. gxf3 Bh5 11. d4 Qf6 12. Rg1 Qxf3 13.
Qxf3 Bxf3 {Wells,P-Hebden,M/Hastings-B/1991/0-1/52/} 14. Rg3 $14) (6. O-O Qa5
$5 7. a3 (7. Bb3 Nxb3 8. cxb3 Be7 9. d4 d6 $11) 7... b5 8. b4 Qa6 9. Bb3 Bxb4
10. Nxe5 Nxb3 11. cxb3 d6 $132) 6... Bb4 (6... b5 7. Bb3 Nxb3 (7... d5 8. exd5
Bg4 9. dxc6 Qc7 10. Bg5 (10. O-O Rd8 (10... Bxf3 11. gxf3 Qxc6 12. Ne4 $18) 11.
Re1 $16) 10... Bb4 11. Bxf6 (11. O-O Bxf3 12. gxf3 Qxc6 13. Ne4 Nxe4 14. fxe4
Qg6 15. c3 Qxg5+ 16. Kh1 Nxb3 17. Qxb3 Be7 18. Qxb5+ Kf8 $17) 11... gxf6 12.
Bd5 Rd8 13. O-O (13. h3 Rxd5 14. hxg4 Qxc6 15. Qd2 Rc5 $15) 13... Rg8 14. Kh1 (
14. a4 bxa4 (14... Rxd5 15. Nxd5 Qxc6 16. Nxd4 Qxd5 17. Nxb5 Qxg2+ 18. Kxg2
Bxd1+ 19. Kh3 Bg4+ 20. Kh4 (20. Kg2 Be2+ 21. Kh3 Rg4) 20... f5 21. f3 Be7+ 22.
Kg3 f4+ 23. Kf2 $16) 15. Rxa4 Bxc3 16. bxc3 Nb5 17. Rxg4 Rxg4 18. Nxe5 $1 Rg5 (
18... Rxd5 19. Nxg4 $18) 19. Bxf7+ Kf8 20. f4 $18) 14... Bxc3 15. bxc3 Rxd5 16.
cxd4 Rxd4 17. Rb1 Qxc6 18. Re1 Rf4 19. Re4 Rxf3 20. Rxg4 Rxg4 21. Qxf3 Qxf3 22.
gxf3 Ra4 $15 {1/2-1/2 Poulsen-Pedersen/cr ch we 1986 (29)}) 8. axb3 d6 9. O-O (
9. h3 $5 Be7 (9... g6 10. d4 (10. O-O Bg7 11. b4 O-O 12. d4 Qc7 13. Be3 Re8 14.
Re1 a6 15. Qd2 $132 {1-0 Stoinev,M-Gavrilov,A/Riazan 1993 (39)}) 10... Qc7 11.
dxe5 dxe5 12. Qd3 Bg7 13. O-O O-O $11 {1/2-1/2 Van den Berg,A-Van Gisbergen,S/
NLD-chT 1995 (39)}) 10. O-O O-O 11. Ne2 Re8 (11... a5 $5) 12. Ng3 a5 13. d4 (
13. Nh2 {/\f4}) 13... Qc7 14. Re1 $132 {1/2-1/2 Short,N-Tkachiev,V/Moscow olm
ENG-KGZ 1994 (36)}) (9. Ne2 Bg4 10. Ng3 Nh5 11. Nf1 Qf6 12. h3 Bxf3 13. Qxf3
Qxf3 14. gxf3 d5 15. Ng3 Nxg3 16. fxg3 Bc5 17. Bd2 $11 {1/2-1/2 Nielsen,
P-Sobjerg,E/Copenhagen op 1993 (41)}) 9... Be7 10. Ne2 O-O (10... Bg4 $5 11.
Re1 $5 (11. Ng3 $11) 11... Bxf3 12. gxf3 Qd7 13. d4 Qh3 14. Qd3 (14. Ng3 g6 15.
Be3 a6 $10) 14... O-O 15. Ng3 g6 16. Qc3 Nd7 $1 17. Qxc6 exd4 18. Bf4 Rfc8 $1 (
18... Ne5 19. Bxe5 dxe5 20. Qxb5 Bf6 21. Ra6 Bg7 22. Rea1 $16 {(Piket,J)}) 19.
Qd5 (19. Qxb5 Rxc2 20. Qd5 Rac8 21. Rxa7 Ne5 22. Bxe5 Rxf2 23. Kxf2 Qxh2+ 24.
Kf1 dxe5 25. Qxe5 Qh3+ 26. Kf2 Qh2+ $10) 19... Qe6 20. Qxb5 Rxc2 $132 {0-1
Nunn,J-Piket,J/Wijk op 1993 (30)}) 11. Ng3 c5 12. c4 $1 Qc7 13. Ne1 Bg4 14. f3
Be6 15. Nc2 Nd7 16. Kh1 Rfe8 17. Ne2 Qb7 18. Nc3 a6 19. Ne3 $14 {Nunn} (19. Qe1
$2 {Nunn} f5 $1 $17 {0-1 Nunn,J-Bareev,E/Hastings 1992 (39)})) (6... d6 7. Nxd4
(7. Be3 Bg4 8. Bxd4 exd4 9. Ne2 Bxf3 10. gxf3 Qa5+ 11. c3 dxc3 12. Nxc3 d5 13.
O-O d4 14. Ne2 Bd6 15. Kh1 Qe5 16. Ng3 h5 17. Rg1 h4 18. Nf1 Nh5 $17 {0-1
McCluskey,F-Hoiberg,N/Farum-W 1993 (28)}) 7... exd4 8. Ne2 Qa5+ (8... b5 9. Bb3
c5 10. a4 b4 11. O-O Be7 12. Ng3 (12. f4 $14) 12... O-O 13. h3 (13. f4 $14)
13... Be6 14. Bxe6 fxe6 15. b3 Qc7 16. Bd2 Rac8 {1/2-1/2 Dittmar,P-Martynow,P/
Wuert-ch Schramberg 1993} 17. f4 $14) (8... Qb6 9. O-O Bg4 10. c3 dxc3 11. bxc3
Qa6 12. f3 Bd7 13. d4 Be7 14. Bc2 $14 {1-0 Euwe,M-Baay/ 1921 (63)}) 9. c3 dxc3
10. bxc3 Be7 (10... d5 11. e5 Nd7 12. d4 f6 13. O-O (13. f4 $5) 13... fxe5 14.
dxe5 Nxe5 15. Nd4 Bg4 16. f3 Qxc3 $1 (16... Bc5 17. Re1 $1 (17. Bd2 O-O $17 {
0-1 Antonio,R-Ye Rongguang/Jakarta 1994 (65)}) 17... O-O $1 (17... Qxc3 18.
Rxe5+ Kf7 19. Be3 Rae8 20. Rc1 Qa3 21. Rxe8 Rxe8 22. Bf2 $18) (17... O-O-O 18.
Rxe5 Qxc3 19. Be3 Rhe8 20. Rc1 Qa3 21. Rxe8 Rxe8 22. Bf2 $18) 18. Rxe5 Qxc3 19.
Be3 Bd6 20. Rc1 Qa3 21. Nxc6 $1 Bxe5 (21... bxc6 22. Bxc6 Bxe5 23. Qxd5+ Rf7
24. Qxe5 Rd8 25. Qg5 (25. fxg4 Qxc1+) 25... Rd3 26. Bc5 Rf5 27. Qd8+ Rxd8 28.
Bxa3 Bh5 29. g4 Ra5 30. Be7 Rd4 31. gxh5 $16) 22. Bc5 Bxf3 23. gxf3 Bxh2+ 24.
Kxh2 Qxa2+ 25. Kg1 bxc6 26. Bxc6 $16) 17. Re1 O-O-O 18. fxg4 Qxa1 19. Rxe5 Bc5
20. Be3 Qxd1+ 21. Bxd1 Rde8 22. Rxe8+ Rxe8 23. Kf2 Re4 24. Nf5 d4 $17) 11. Bc2
Qh5 12. f3 g5 13. Be3 Be6 14. a4 {1-0 Lanc,A-Horvath,I/Stary Smokovec 1986 (29)
}) (6... Bc5 7. O-O d6 8. Nxd4 Bxd4 9. Ne2 Bb6 10. h3 O-O 11. Ng3 Re8 12. Qf3
h6 13. Nf5 Kh7 14. Bb3 $11 {1/2-1/2 Ferguson,M-Adams,M/Hastings Masters 1995 
(56)}) 7. Bd2 (7. a3 $6 Nxf3+ $1 8. gxf3 Be7 9. Rg1 $132) (7. O-O Qa5 8. Bb3
Nxb3 9. cxb3 Bxc3 $5 $13) 7... b5 (7... Qa5 8. Bb3 Nxb3 9. axb3 Qc7 10. O-O Be7
(10... O-O $2 11. Nb5 $1 cxb5 12. Bxb4 d6 $14) (10... Bxc3 11. Bxc3 d6 12. h3
O-O 13. Re1 Re8 14. d4 $14) 11. Bg5 $5 (11. Be3 b6 (11... O-O $2 12. Bxa7 c5
13. Bb6 $16) (11... a6 12. Na4 c5 13. b4 $5 $14) 12. Nd2 $5 (12. h3 $6 O-O 13.
Nd2 (13. d4 d6 $10) 13... d5 $5 14. Bg5 $8 dxe4 (14... Be6 15. f4 $5 $132) (
14... d4 15. Ne2 h6 16. Bh4 Nh7 $11) 15. dxe4 h6 (15... Be6 $5 $11) 16. Be3 Be6
$11 {1-0 Yudasin,L-Nikolic,P/Tilburg 1993 (44)}) 12... d5 13. exd5 cxd5 14. d4
e4 $132) (11. d4 d6 12. h3 O-O 13. Re1 Re8 $10) (11. Ne2 d5 12. Ng3 O-O $13)
11... h6 12. Bh4 d6 13. d4 Bg4 14. dxe5 dxe5 15. h3 $13) 8. Bb3 Nxb3 9. axb3
Qe7 (9... d6 10. O-O O-O $11) 10. O-O O-O $11 11. h3 Re8 (11... d6) 12. Re1 a5
13. Ne2 (13. Nh4 d6 14. Qf3 h6 (14... Be6 15. Bg5 d5 16. exd5 Bxd5 17. Nxd5
cxd5 18. c3 $16) 15. Nf5 Bxf5 16. Qxf5 Qe6 $11) 13... Bxd2 14. Qxd2 b4 (14...
Qd8 15. Ng3 d6 16. Ra2 Re7 17. Rea1 Rea7 $11) 15. Ng3 d6 16. d4 c5 (16... h6
17. dxe5 dxe5 18. Red1 Qc5 $132) 17. c3 $5 (17. dxc5 dxc5 18. Nf5 Bxf5 19. exf5
e4 $11) 17... Qb7 $5 (17... cxd4 18. cxd4 Bb7 19. d5 Rec8 20. Nf5 Qd8 21. Qe3 (
21. Qg5 g6 22. Nh6+ Kg7 23. Nf5+ Kg8 (23... Kh8 24. Nh6 Qe7 25. Qh4 Kg7 26. Ng5
Rc2 27. Nhxf7 $16) 24. Nh6+ $11) 21... Rc2 22. Ra2 Ba6 23. Rea1 Bb5 24. Nd2 g6
25. Ng3 Qc7 $132) 18. Nh4 bxc3 19. bxc3 exd4 (19... cxd4 20. cxd4 Qxb3 21. Nhf5
Bxf5 22. Nxf5 Reb8 23. Nxd6 exd4 24. e5 Ne8 25. Qxd4 a4 26. Re3 Qe6 27. Rea3
Ra5 28. Rxa4 Qxe5 (28... Rxe5 29. Nxf7 Re1+ 30. Rxe1 Qxe1+ 31. Kh2 $16) 29.
Qxe5 Rxe5 30. Ra8 Rxa8 31. Rxa8 Kf8 $11) 20. cxd4 cxd4 21. Qxd4 Qxb3 22. Qxd6 (
22. Nhf5 Bxf5 23. Nxf5 Qb4 24. Qxd6 (24. Qxb4 axb4 25. Nxd6 Rxa1 26. Rxa1 Rb8
$15) 24... Rxe4 25. Rxe4 Qxe4 26. Nh6+ gxh6 27. Qxf6 Qe6 $17) 22... Qe6 (22...
Ra6 23. Qf4 a4 $15) 23. Qd2 (23. Nhf5 a4 24. e5 Nd5 25. Re4 g6 26. Nd4 Qxd6 27.
exd6 Rd8 28. Nc2 Nb6 29. Rd4 $132) 23... Bb7 24. e5 Qd5 $4 (24... Nd7 25. Nh5 (
25. Nhf5 Nxe5 (25... Qc6 26. f4 Nc5 27. Rec1 $14) 26. Qb2 Bf3 $1 27. Re3 Rab8
28. Qd4 Rb4 29. Qc3 Rc4 $132) 25... a4 26. Qg5 g6 27. Red1 Bc6 (27... Nxe5 28.
Nf6+ $16) 28. Rxd7 Bxd7 29. Nf6+ Kg7 30. Nh5+ (30. g4 Qxe5 31. Qxe5 Rxe5 32.
Nxd7 Rb5 $17) 30... Kg8 31. Nf6+ Kg7 $11) (24... Nd5 25. Rxa5 (25. Nhf5 a4 26.
Qg5 Qg6 27. Qxg6 hxg6 28. Nd6 Re7 29. Red1 Ra5 $132) 25... Rxa5 26. Qxa5 Nf4
$14) 25. Qb2 $1 $18 Nd7 (25... g5 26. Rad1 Qc6 27. Rc1 Qd5 28. Nf3 $18) 26.
Red1 (26. Ngf5 Nc5 (26... Re6 27. Red1 Qc6 28. Rd6 Qc7 (28... Rxd6 29. Ne7+ $18
(29. exd6 $18)) 29. Rc1 $18) 27. e6 f6 28. Qa3 Nxe6 29. Ne7+ Rxe7 30. Qxe7 $16)
26... Qc6 $8 27. Rd6 Qc7 $8 28. Rc1 Nc5 $8 29. Nhf5 Ra6 (29... Rac8 30. e6 f6
31. Nh5 $18) 30. e6 f6 31. Rd7 1-0

[Event "RUS-ch"]
[Site "Krasnodar"]
[Date "2002.08.29"]
[Round "3"]
[White "Alavkin, Arseny Nailievich"]
[Black "Diu, Viacheslav"]
[Result "1-0"]
[WhiteElo "2498"]
[BlackElo "2451"]
[Annotator "Tsesarsky,I"]
[PlyCount "57"]
[EventDate "2002.08.27"]
[EventType "swiss"]
[EventRounds "9"]
[EventCountry "RUS"]
[SourceTitle "CBM 091"]
[Source "ChessBase"]
[SourceDate "2002.11.12"]
[SourceVersion "1"]
[SourceVersionDate "2002.11.12"]
[SourceQuality "1"]

1. e4 e5 2. Nf3 Nc6 3. Nc3 Nf6 4. Bb5 Nd4 5. Ba4 Bc5 {In this very comlicated
and sharp variation Black sacrifices P for free piece play.} 6. Nxe5 O-O 7. Nd3
Bb6 8. e5 Ne8 9. Nd5 d6 10. Ne3 f5 $2 $16 {Rare and bad move.} ({More popular
are} 10... c5 11. c3 (11. O-O $6 dxe5 12. b4 Bc7 13. Nxc5 b6 14. Bxe8 Rxe8 15.
Nb3 Qd6 $15 {1/2-1/2 Ginsburg,G-Bandza,A/Mainz 1995/EXT 98 (26)}) (11. b4 cxb4
12. Bb2 $15 {-see commented game 0-1 Wells,P-Hansen,L/Copenhagen 1995/CBM 47
ext [Hansen, L.B.](25)}) 11... Nf5 12. O-O (12. Bc2 Nxe3 13. dxe3 c4 14. Nf4
dxe5 15. Nd5 Nf6 $11 {1/2-1/2 Shirov,A-Lautier,J/Linares 1995/CBM 46 (20)}) (
12. exd6 Qxd6 13. Bc2 Nf6 14. O-O Bc7 15. g3 Qc6 16. Nxf5 Bxf5 17. Nb4 Qd7 18.
Bxf5 Qxf5 19. Nc2 Rad8 $15 {0-1 Yudasin,L-Nielsen,P/Kemerovo 1995/CBM 50 (41)})
(12. Bb3 Nxe3 13. dxe3 dxe5 14. e4 Qc7 15. Bc4 Nd6 16. Bd5 Be6 $132 {0-1 Koch,
J-Stefansson,H/Bischwiller 1999/EXT 2001 (50)}) 12... Nxe3 13. dxe3 c4 14. Nb4
dxe5 15. Qh5 f5 16. Rd1 Nf6 17. Rxd8 Nxh5 18. Rd5 e4 19. Bb5 a6 20. Bxc4 Be6
21. b3 (21. Be2 $1 $16) 21... a5 22. Rxa5 Bxa5 23. Bxe6+ Kh8 24. Kf1 Rad8 25.
Nd5 Rfe8 26. Bf7 Rf8 27. Be6 Rfe8 28. Bf7 Rf8 {1/2-1/2 Shirov,A-Lautier,J/
Monte Carlo 1995/CBM 46 ext (28)}) (10... Qh4 $143 $6 11. O-O Be6 (11... c6 12.
c3 Ne6 13. Bc2 f5 14. f4 g5 15. g3 Qh6 16. Qf3 d5 17. Kh1 $14 {1-0 Degraeve,
J-Seitaj,I/Cappelle la Grande 1993/TD (50)}) 12. c3 Ne2+ 13. Kh1 Bxe3 14. dxe3
Nxc1 15. Rxc1 Rd8 16. Bb3 dxe5 17. Bxe6 fxe6 18. Qc2 $14 {[%csl Re5,Re6] 1-0
Nunn,J-Christiansen,L/Germany 1992/GER-chT (57)}) (10... Qe7 11. exd6 Nxd6 12.
O-O {-see commented game 1/2-1/2 Nikolenko,O-Makarichev,S/Moscow 1991/URS-ch
[Ernst] (52)}) 11. c3 ({Not bad looks as well} 11. f4 dxe5 12. Nxe5 Qh4+ 13. g3
Qh3 14. c3 Ne6 15. d4 $16 {and Black has no any compensation for P lack. White
can complete his development.} Nd6 (15... Nf6 16. Qf3) 16. Qf3 Ne4 $6 (16... c5
17. d5 Nc7 18. Bd2 $18) 17. Qg2 Qh5 18. O-O a6 19. g4 {1-0 Teran Alvarez,
I-Castillo Gallego,S/Rincon de La Victoria 1995/EXT 2000 (19)}) 11... Ne6 12.
Bb3 ({Here dubious is} 12. f4 $2 {in view of} dxe5 $1 {[%csl Rf4]} 13. Nxe5
Nxf4 {and Black equalizes material balance.}) 12... dxe5 13. Nxe5 f4 14. Nd5 (
14. N3c4 $5) 14... Qg5 $2 $18 {Too optimistic.} (14... c5 $142 15. O-O $16) 15.
d4 $1 Qxg2 16. Ne7+ Kh8 17. Qh5 $1 {Nice R sacrifice.} ({Wins also} 17. Bd5 f3
18. Qxf3 $3 Rxf3 19. Bxf3 {[%csl Rg2,Rh8][%cal Ge5f7]} Qxh1+ 20. Bxh1 Nd6 21.
a4 $18) 17... Qxh1+ 18. Kd2 {[%csl Rh8][%cal Ge5g6]} h6 19. N5g6+ ({Wins by
force} 19. Bxe6 Bxe6 20. N5g6+ Kh7 21. Nxf8+ Kh8 22. Qg6 Bg8 23. Qf5 $18) 19...
Kh7 20. Nxf8+ (20. Bxe6 $18) 20... Nxf8 21. Qxe8 Bf5 22. Qf7 (22. Qxa8 $18)
22... Be6 23. Bxe6 Nxe6 24. Qf5+ Kh8 25. Ng6+ Kg8 26. Qxe6+ Kh7 27. Qf5 Qf1 28.
Nxf4+ Kh8 29. Ng6+ 1-0